Normal view
MARC view
- Valchev, Vencislav
Entry Personal Name
001 - CONTROL NUMBER
- control field: 96382
003 - CONTROL NUMBER IDENTIFIER
- control field: NUST
005 - DATE AND TIME OF LATEST TRANSACTION
- control field: 20220803104037.0
008 - FIXED-LENGTH DATA ELEMENTS
- fixed length control field: 220803|| aca||aabn | a|a d
040 ## - CATALOGING SOURCE
- Original cataloging agency: NUST
- Transcribing agency: NUST
100 ## - HEADING--PERSONAL NAME
- Personal name: Valchev, Vencislav
670 ## - SOURCE DATA FOUND
- Source citation: Work cat.: (NUST)176956: Bossche, Alex van den. 96381, Inductors and Transformers for Power Electronics /, 2005.
